000 00504nam a22001817a 4500
005 20241210140320.0
008 241210b |||||||| |||| 00| 0 eng d
020 _a9781337298049
082 _a005.369
_bMAY-F
100 _aMayes, Timothy R.
245 _aFinancial analysis with microsoft excel 2016
_cTimothy R.Mayes
250 _a8th ed.
260 _aUSA:
_bElsevier;
_c2018.
300 _axiv, 540 p. :
_bill;
_c24 cm.
500 _ainclude index.
650 _aMicrosoft Offeice
999 _c36800
_d36800